000 01061nam0a22003251 4500
001 RU\NLR\A1SV\133498
005 20251203171251.9
035 _a(NLR Aleph) 010674899
090 _a9622427
_c9622427
100 _a20141223d1926 u y0rusy50 ca
101 0 _arus
102 _aRU
200 1 _aТаежная быль
_eПовесть
_fПетр Щелканов
_gОбл. К.Кузнецова
210 _aМ.
_aЛ.
_cГосизд-во
_d1926
215 _a96 с.
_cил.
_d21 см
225 _aХудож. б-ка раб.-крест. молодежи
300 _aНапеч. в Москве
620 _dМосква
620 _dСанкт-Петербург
700 1 _aЩелканов
_bП.А.
_f1900-1929
_gПетр Александрович
702 1 _aКузнецов
_bК.В.
_f1886-1943
_gКонстантин Васильевич
801 0 _aRU
_bNLR
_c20141223
852 _aNLR
_j40/3532
852 _aNLR
_j40/3532а
899 _aРГБ
899 _aКирОУНБ
942 _cBOOK
980 _aNB
980 _aA1SV